00445nam a2200181 a 4500001001300000003000900013005001700022008004100039020000900080082001600089100002000105245002300125260003200148300000800180500003500188650002000223700002000243nice12345678IN_TiNIC20260116011622.0070618s1918 teha grp 000 0 per  ac1000a491.88bAMI aAmin, Amir Quli aHazar-O-yak Sukhan aTehranbNo Publisher c1918 a76p aincludes index and biblioraphy aPersian Sayings1 aAmin, Amir Quli